| 000 | 00931nam a22001935i 4500 | ||
|---|---|---|---|
| 001 | 156416 | ||
| 003 | ES-MaACL | ||
| 005 | 20230906210413.0 | ||
| 008 | 010608s1876 sp |||| | spa d | ||
| 040 |
_aCCPB | B _bspa _cCCPB | B |
||
| 100 | 1 |
_aJordana y Morera, Ramón. _966937 |
|
| 245 | 1 | 0 |
_aMemoria sobre la producción de los montes públicos de Filipinas durante el año económico de 1873-74 / _credactada por Ramón Jordana y Morera. |
| 260 |
_aMadrid : _b[s.n.], _c1876 ( _festablecimientos tipográficos de Manuel Minuesa) |
||
| 300 |
_a141 p. ; _c23 cm. |
||
| 500 | 1 | _aImpresa en vitud de lo dispuesto por Real decreto de 27 de noviembre de 1875 y por Real orden de 9 de diciembre del mismo año. | |
| 594 | 1 | _aPrecede al tít.: ¨Ministerio de Ultramar¨. | |
| 650 | 4 |
_aMontes públicos- _zFilipinas. _9139330 |
|
| 852 |
_aES-MaACL _jT-206-F-13 _z-- Enc. hol., falto de la cub. original _z-- Enc. en un vol. facticio |
||
| 999 |
_c156416 _d156416 |
||